Statistics for Every B2K song that hit the Billboard hot 100

Click here to take the quiz!

General Stats

  • This quiz has been taken 8 times
  • The average score is 4 of 7

Answer Stats

Peak Chart PositionYearSong% Correct
12003Bump, Bump, Bump
100%
302003Girlfriend
83%
342002Gots Ta Be
67%
372002Uh Huh
67%
732002Why I Love You
67%
592004Badaboom
50%
922003Feelin' Freaky
0%

Score Distribution

Percentile by Number Answered

Percent of People with Each Score

Your Score History

You have not taken this quiz